[Event "FIDE Online Olympiad"]
[Site "Chess.com"]
[Date "2020.08.02"]
[EventDate "2020.07.31"]
[Round "9"]
[Result "0-1"]
[White "Majed Altell"]
[Black "Domingos Junior"]
[WhiteElo "1604"]
[BlackElo "1874"]
[PlyCount "102"]

1. d4 Nf6 2. c4 e6 3. g3 d5 4. Nc3 c6 5. Bg2 Bd6 6. cxd5 cxd5
7. Nf3 O-O 8. O-O a6 9. Bg5 Be7 10. Re1 Nc6 11. a3 h6 12. Bxf6
Bxf6 13. e3 Bd7 14. Rc1 b5 15. e4 dxe4 16. Nxe4 Rc8 17. Nxf6+
Qxf6 18. Ne5 Nxe5 19. Rxc8 Rxc8 20. dxe5 Qe7 21. Qd6 Qxd6
22. exd6 Rc2 23. Be4 Rxb2 24. Rd1 Kf8 25. Kf1 Ke8 26. Ke1 Rb3
27. Rc1 Rxa3 28. Rc7 Ra4 29. Bb7 Rd4 30. Bxa6 Rxd6 31. Bb7 Kd8
32. Rc1 Rb6 33. Bf3 b4 34. Kd2 Rd6+ 35. Ke3 f5 36. Rb1 Rb6
37. Kd4 Rb8 38. Kc4 Rc8+ 39. Kb3 Ke7 40. Re1 Rc3+ 41. Kxb4
Rxf3 42. Re2 Kf6 43. Kc5 Be8 44. Rd2 Bf7 45. Kd6 Ra3 46. f4
Ra5 47. Rd3 Rd5+ 48. Rxd5 exd5 49. Kc5 Ke6 50. h3 h5 51. Kd4
Kd6 0-1

[Event "FIDE Online Olympiad"]
[Site "Chess.com"]
[Date "2020.08.02"]
[EventDate "2020.07.31"]
[Round "9"]
[Result "0-1"]
[White "Bernard Lesbros"]
[Black "Mark Machin Rivera"]
[WhiteElo "1912"]
[BlackElo "2323"]
[PlyCount "88"]

1. Nf3 g6 2. c4 Bg7 3. d4 Nf6 4. Nc3 d6 5. g3 O-O 6. Bg2 a6
7. O-O Nc6 8. e4 Bg4 9. Be3 Nd7 10. Qd2 Bxf3 11. Bxf3 e5
12. d5 Nd4 13. Bg2 c5 14. dxc6 bxc6 15. f4 Rb8 16. b3 Qa5
17. Kh1 Nf6 18. fxe5 dxe5 19. Nd5 Qxd2 20. Nxf6+ Bxf6 21. Bxd2
Be7 22. Ba5 Rb7 23. Bc3 Rd8 24. Rad1 c5 25. Rf2 Kg7 26. Rdf1
f6 27. Ba5 Rd6 28. Bc3 Nc6 29. Rd2 Rxd2 30. Bxd2 Rd7 31. Rd1
Kf7 32. Bf3 Rd3 33. Be2 Rd8 34. Be3 Nd4 35. Bf1 Ra8 36. Kg2 a5
37. Bxd4 cxd4 38. Rd3 f5 39. Kf3 Bc5 40. a4 Ke6 41. Bh3 Rf8
42. Ke2 Kd6 43. Bg2 Rb8 44. Bh3 fxe4 0-1

[Event "FIDE Online Olympiad"]
[Site "Chess.com"]
[Date "2020.08.02"]
[EventDate "2020.07.31"]
[Round "9"]
[Result "0-1"]
[White "Nadezhda Valerevna Marochkina"]
[Black "Danitza Vazquez Maccarini"]
[WhiteElo "1993"]
[BlackElo "2014"]
[PlyCount "96"]

1. d4 Nf6 2. c4 e6 3. e3 c5 4. Nf3 b6 5. Be2 Bb7 6. O-O Be7
7. Nc3 O-O 8. d5 exd5 9. Nxd5 Bxd5 10. cxd5 d6 11. b3 Ne4
12. Bb2 Bf6 13. Bxf6 Qxf6 14. Qc2 Nc3 15. e4 Nxe2+ 16. Qxe2
Nd7 17. Nd2 Rfe8 18. Nc4 b5 19. Nd2 a6 20. f3 Nb6 21. Qf2 a5
22. a3 Rab8 23. Rfc1 Nd7 24. Rab1 Ne5 25. Qf1 h5 26. h3 Ng6
27. Qf2 Nf4 28. Qf1 Qd4+ 29. Qf2 Qxf2+ 30. Kxf2 Nd3+ 31. Kg1
Nxc1 32. Rxc1 a4 33. b4 cxb4 34. axb4 Rbc8 35. Ra1 Rc2 36. Nb1
Rec8 37. Na3 Rc1+ 38. Kh2 Rxa1 39. Nxb5 Rb1 40. Nxd6 Rd8
41. Nb7 Rb8 42. Nc5 a3 43. d6 a2 44. d7 a1=Q 45. b5 Qe5+
46. g3 Qxc5 47. d8=Q+ Rxd8 48. b6 Qf2# 0-1

[Event "FIDE Online Olympiad"]
[Site "Chess.com"]
[Date "2020.08.02"]
[EventDate "2020.07.31"]
[Round "9"]
[Result "0-1"]
[White "Ursus Bemmelen van"]
[Black "Lionel Adu Jnr"]
[WhiteElo "2145"]
[BlackElo "1907"]
[PlyCount "68"]

1. Nf3 d5 2. c4 c6 3. e3 Nf6 4. b3 Bg4 5. Be2 Bxf3 6. Bxf3 e6
7. Bb2 g6 8. O-O Bg7 9. Bxf6 Qxf6 10. d4 O-O 11. Nc3 Nd7
12. Qd2 Nb6 13. Be2 Rfd8 14. c5 Nd7 15. f4 a5 16. Na4 Qe7
17. a3 f6 18. b4 axb4 19. axb4 e5 20. fxe5 fxe5 21. Bg4 Nf6
22. Bf3 Re8 23. Nb6 Rxa1 24. Rxa1 Bh6 25. Kh1 exd4 26. Qxd4
Bxe3 27. Qd3 Bf4 28. g3 Bc7 29. Ra7 Qe1+ 30. Kg2 Ne4 31. Rxb7
Qf2+ 32. Kh3 Bxg3 33. Bxe4 Qxh2+ 34. Kg4 Rxe4+ 0-1

[Event "FIDE Online Olympiad"]
[Site "Chess.com"]
[Date "2020.08.02"]
[EventDate "2020.07.31"]
[Round "7"]
[Result "0-1"]
[White "Aaron Ramtulla"]
[Black "Adrian Winter Atwell"]
[WhiteElo "1191"]
[BlackElo "2073"]
[PlyCount "72"]

1. e4 e5 2. f4 Bc5 3. Nf3 d6 4. Nc3 Nc6 5. a3 a6 6. Bc4 Bg4
7. h3 Bxf3 8. Qxf3 Nd4 9. Qg3 g6 10. Qd3 exf4 11. b4 Qh4+
12. Kd1 Ba7 13. Rf1 Ne7 14. g3 Qh5+ 15. g4 Qg5 16. Bb2 c5
17. b5 O-O 18. bxa6 bxa6 19. Bxa6 Nec6 20. Bb7 Ne5 21. Qa6 f3
22. Bxa8 Rxa8 23. Qxd6 Nc4 24. Qh2 Nxb2+ 25. Kc1 Nc4 26. Rf2
Ne2+ 27. Rxe2 fxe2 28. Qxe2 Ne5 29. Nd5 c4 30. c3 Bc5 31. Kc2
Rxa3 32. Rb1 Ra2+ 33. Rb2 Rxb2+ 34. Kxb2 Qh4 35. d4 cxd3
36. Qh2 Nc4+ 0-1

[Event "FIDE Online Olympiad"]
[Site "Chess.com"]
[Date "2020.08.02"]
[EventDate "2020.07.31"]
[Round "7"]
[Result "0-1"]
[White "Taffin Khan"]
[Black "Serguei Gontcharov"]
[WhiteElo "1989"]
[BlackElo "1839"]
[PlyCount "122"]

1. Nf3 c5 2. b3 d5 3. Bb2 Nf6 4. e3 Nc6 5. Be2 Bg4 6. O-O e6
7. d4 Bd6 8. Nbd2 O-O 9. c4 Rc8 10. Ne5 Bxe2 11. Qxe2 cxd4
12. exd4 Bb8 13. Nxc6 Rxc6 14. c5 Qc7 15. f4 b6 16. b4 bxc5
17. dxc5 Qe7 18. Nb3 Ne4 19. Bd4 e5 20. fxe5 Bxe5 21. Bxe5
Qxe5 22. Qd3 Rh6 23. h3 Qg5 24. Nd4 Ng3 25. Kh2 Nxf1+ 26. Rxf1
Qe5+ 27. Kg1 Re8 28. c6 Qe3+ 29. Qxe3 Rxe3 30. c7 Rc3 31. Re1
Kf8 32. Nb5 Rc2 33. Rd1 Rg6 34. g4 a6 35. Rxd5 axb5 36. Rd8+
Ke7 37. c8=Q Rxc8 38. Rxc8 Ra6 39. Rc2 Ra4 40. Rb2 Kd6 41. Kf2
Kd5 42. Rd2+ Kc4 43. Rd7 Rxa2+ 44. Kf3 Ra1 45. Ke4 Rh1
46. Rxf7 Rxh3 47. Rxg7 Kxb4 48. Kd4 Kb3 49. Kc5 b4 50. Rb7
Rc3+ 51. Kd4 Rc4+ 52. Kd3 Rxg4 53. Rxh7 Rg3+ 54. Kd2 Kb2
55. Rb7 b3 56. Rb8 Kb1 57. Rb7 b2 58. Rb8 Ra3 59. Rb7 Ra4
60. Rb8 Ra3 61. Rb7 Rh3 0-1

[Event "FIDE Online Olympiad"]
[Site "Chess.com"]
[Date "2020.08.02"]
[EventDate "2020.07.31"]
[Round "7"]
[Result "0-1"]
[White "Maria Varona-Thomas"]
[Black "Zuzana Kovacova"]
[WhiteElo "1733"]
[BlackElo "2011"]
[PlyCount "56"]

1. d4 d5 2. Nc3 Nf6 3. Bf4 c6 4. e3 e6 5. Nf3 Bd6 6. Ne5 Qc7
7. Bg3 Nbd7 8. f4 a6 9. Ne2 b5 10. a3 c5 11. c3 Ne4 12. Nxd7
Bxd7 13. Ng1 b4 14. cxb4 cxb4 15. a4 O-O 16. Bd3 Nf6 17. Nf3
Ng4 18. Bf2 b3 19. O-O f5 20. Ne5 Bxe5 21. fxe5 Qb7 22. h3 Nh6
23. Bg3 a5 24. Bh2 Rac8 25. Rf2 Qb4 26. Qe1 Rb8 27. Bf4 Nf7
28. h4 Qxe1+ 0-1

[Event "FIDE Online Olympiad"]
[Site "Chess.com"]
[Date "2020.08.02"]
[EventDate "2020.07.31"]
[Round "7"]
[Result "0-1"]
[White "Shiela Cancino"]
[Black "Samirah Gobin"]
[WhiteElo "1420"]
[BlackElo "1139"]
[PlyCount "112"]

1. d4 d5 2. Nf3 Nf6 3. Bf4 b6 4. e3 Bb7 5. Nbd2 e6 6. c4 Bb4
7. Qa4+ Nc6 8. a3 Bxd2+ 9. Nxd2 O-O 10. Bd3 Re8 11. Qc2 e5
12. Bg5 g6 13. O-O-O exd4 14. cxd5 dxe3 15. fxe3 Ne5 16. Rhf1
Nxd3+ 17. Qxd3 Qxd5 18. Qxd5 Nxd5 19. e4 Ne7 20. g3 f5
21. Rde1 fxe4 22. Nxe4 Bxe4 23. Rxe4 Nd5 24. Rxe8+ Rxe8
25. Kd2 Kg7 26. h4 h6 27. Bf4 Nxf4 28. Rxf4 Rf8 29. Rxf8 Kxf8
30. Kd3 Ke7 31. Ke4 Ke6 32. Kf4 Kf6 33. g4 g5+ 34. hxg5+ hxg5+
35. Ke4 Ke6 36. b4 a5 37. b5 Kd6 38. Kf5 c5 39. bxc6 Kxc6
40. Kxg5 Kd7 41. Kf6 Ke8 42. g5 a4 43. Kg7 b5 44. g6 b4
45. axb4 a3 46. Kh8 a2 47. g7 a1=Q 48. Kh7 Qh1+ 49. Kg6 Qg2+
50. Kh7 Qh3+ 51. Kg6 Qg4+ 52. Kh7 Qh5+ 53. Kg8 Ke7 54. b5 Kf6
55. b6 Qf7+ 56. Kh7 Qxg7# 0-1

[Event "FIDE Online Olympiad"]
[Site "Chess.com"]
[Date "2020.08.02"]
[EventDate "2020.07.31"]
[Round "7"]
[Result "0-1"]
[White "Rajiv Adhikari Lee"]
[Black "Dimitri Gontcharov"]
[WhiteElo "1530"]
[BlackElo "1456"]
[PlyCount "150"]

1. d4 Nf6 2. Bf4 d5 3. e3 c5 4. c3 Nc6 5. Nf3 Qb6 6. Qb3 c4
7. Qxb6 axb6 8. Nbd2 Bf5 9. Be2 h6 10. h4 e6 11. a3 b5 12. Ne5
Be7 13. g4 Bh7 14. Nxc6 bxc6 15. g5 hxg5 16. hxg5 Nd7 17. Nf3
c5 18. O-O-O b4 19. axb4 cxb4 20. Kd2 bxc3+ 21. bxc3 O-O
22. Ra1 Nb6 23. Ne5 Bf5 24. Nc6 Rfe8 25. Nxe7+ Rxe7 26. Bd6
Rea7 27. Rac1 Ra2+ 28. Ke1 Ra1 29. Rxa1 Rxa1+ 30. Bd1 Bg4
31. Kd2 Bxd1 32. Rxd1 Rxd1+ 33. Kxd1 Na4 34. Kc2 Kh7 35. Bc7
Kg6 36. Ba5 Kxg5 37. Kb1 Kg4 38. Ka2 Kf3 39. Ka3 Nxc3 40. Bxc3
Kxf2 41. Bd2 g5 42. e4 g4 43. exd5 exd5 44. Bf4 g3 45. Kb4 g2
46. Bh2 g1=Q 47. Bxg1+ Kxg1 48. Kc5 c3 49. Kxd5 c2 50. Ke5
c1=Q 51. d5 Qg5+ 52. Kd6 f5 53. Kc7 f4 54. d6 f3 55. d7 Qe7
56. Kc8 f2 57. d8=Q Qxd8+ 58. Kxd8 f1=Q 59. Kd7 Qe2 60. Kd6
Qe4 61. Kc5 Kf2 62. Kd6 Kf3 63. Kc5 Kf4 64. Kd6 Qe5+ 65. Kc6
Kf5 66. Kd7 Kf6 67. Kc6 Ke6 68. Kb6 Qd5 69. Kc7 Qd6+ 70. Kb7
Kd5 71. Ka7 Kc5 72. Kb7 Qc6+ 73. Ka7 Qb5 74. Ka8 Kc6 75. Ka7
Qb7# 0-1

[Event "FIDE Online Olympiad"]
[Site "Chess.com"]
[Date "2020.08.02"]
[EventDate "2020.07.31"]
[Round "7"]
[Result "0-1"]
[White "Duane Rowe"]
[Black "Alejandro Jose Chinchilla"]
[WhiteElo "2088"]
[BlackElo "2130"]
[PlyCount "82"]

1. e4 c6 2. d4 d5 3. e5 Bf5 4. Nc3 e6 5. g4 Bg6 6. Nge2 c5
7. Be3 Nc6 8. dxc5 h5 9. Nf4 Bh7 10. Bb5 hxg4 11. Qe2 Qc7
12. Bd4 Nh6 13. O-O-O O-O-O 14. Bxc6 Qxc6 15. Nb5 Kb8 16. b4
Be4 17. Kb2 Bxh1 18. Rxh1 Nf5 19. c3 g3 20. h4 g5 21. Ng2 gxh4
22. Rh3 Be7 23. Nd6 Bxd6 24. exd6 Nxd4 25. cxd4 Qa4 26. a3 a5
27. Qd2 axb4 28. axb4 gxf2 29. Ne3 Rdg8 30. Nf1 Rg1 31. Qxf2
Qxb4+ 32. Rb3 Rxf1 33. Qxf1 Qxd4+ 34. Ka2 Qxc5 35. Qxf7 Qc6
36. Qe7 Rg8 37. d7 Qc2+ 38. Ka3 Qc1+ 39. Ka4 Rg4+ 40. Ka5 Qc7+
41. Rb6 Qc3+ 0-1

[Event "FIDE Online Olympiad"]
[Site "Chess.com"]
[Date "2020.08.02"]
[EventDate "2020.07.31"]
[Round "7"]
[Result "0-1"]
[White "Bitia Cruz"]
[Black "Raehanna Brown"]
[WhiteElo "1770"]
[BlackElo "1540"]
[PlyCount "110"]

1. e4 c5 2. Nf3 Nc6 3. c3 g6 4. d4 cxd4 5. cxd4 Bg7 6. Be3 d6
7. Nc3 e6 8. Qb3 Nge7 9. Be2 O-O 10. O-O a6 11. Rad1 Qc7
12. Rfe1 b5 13. d5 Na5 14. Qb4 exd5 15. exd5 Rb8 16. Ne4 Nc4
17. Bxc4 bxc4 18. Qxd6 Qxd6 19. Nxd6 Rd8 20. Nxc4 Rxd5
21. Rxd5 Nxd5 22. b3 Nc3 23. Bf4 Ra8 24. Re8+ Bf8 25. Bh6 Bb7
26. Rxa8 Bxa8 27. Bxf8 Kxf8 28. a3 Ne2+ 29. Kf1 Bxf3 30. gxf3
Nd4 31. Nd2 Ke7 32. b4 Kd6 33. Kg2 Kd5 34. h4 Nc2 35. Nb1 Kc4
36. f4 Kb3 37. Kg3 Nxa3 38. Nd2+ Kxb4 39. Kf3 Nc4 40. Ne4 a5
41. Ke2 a4 42. Kd3 a3 43. Nc3 Nb2+ 44. Kc2 Na4 45. Na2+ Kc4
46. f3 f5 47. Nc1 Nc3 48. Nb3 Nd5 49. Nd2+ Kb4 50. Nb1 a2
51. Kb2 axb1=Q+ 52. Kxb1 Nxf4 53. Kc2 Kc4 54. Kd2 Kd4 55. Ke1
Ke3 0-1

[Event "FIDE Online Olympiad"]
[Site "Chess.com"]
[Date "2020.08.02"]
[EventDate "2020.07.31"]
[Round "7"]
[Result "0-1"]
[White "Waldyr Espirito Santo"]
[Black "William Alfaro"]
[WhiteElo "1915"]
[BlackElo "2165"]
[PlyCount "164"]

1. d4 Nf6 2. Bf4 g6 3. e3 d6 4. h3 Bg7 5. Nf3 O-O 6. Be2 c5
7. c3 Qb6 8. Qb3 Nc6 9. Nbd2 Be6 10. Qxb6 axb6 11. a3 cxd4
12. exd4 Nd5 13. Bh2 Bd7 14. Ne4 Bh6 15. O-O Nf4 16. Bc4 Na5
17. Ba2 Bb5 18. Bxf4 Bxf4 19. Rfe1 Rac8 20. Ned2 Rfe8 21. a4
Bd3 22. Bd5 e6 23. Be4 Bxe4 24. Nxe4 Kg7 25. Ned2 d5 26. Re2
Ra8 27. Ne5 Bxe5 28. Rxe5 Rec8 29. Kf1 Nc4 30. Re2 Nxb2
31. Nb1 Nxa4 32. Ra3 b5 33. Rb3 Ra5 34. Rc2 Nb6 35. Rcb2 Nc4
36. Rxb5 Nxb2 37. Rxa5 Nc4 38. Ra7 b6 39. Ke2 Rb8 40. Nd2 Nxd2
41. Kxd2 b5 42. Kc2 b4 43. cxb4 Rxb4 44. Kc3 Rc4+ 45. Kd3 h5
46. h4 Rc1 47. g3 Rf1 48. Ke2 Rc1 49. Kd2 Rc4 50. Kd3 Rc8
51. Rb7 Kf8 52. Kd2 Re8 53. Rd7 Re7 54. Rd8+ Kg7 55. Kd3 f6
56. Rd6 g5 57. Rd8 Kg6 58. Rg8+ Kf5 59. f3 Rb7 60. Kc3 Rc7+
61. Kd3 Ra7 62. Rh8 Kg6 63. Re8 Ra6 64. Rg8+ Kh7 65. Rf8 Kg7
66. Re8 gxh4 67. gxh4 Ra3+ 68. Ke2 Ra2+ 69. Ke3 Kf7 70. Rh8
Kg6 71. Re8 Kf5 72. Rh8 Ra3+ 73. Ke2 Kf4 74. Rxh5 Re3+ 75. Kd2
Rxf3 76. Rh8 Ke4 77. Re8 e5 78. dxe5 fxe5 79. Rh8 Rh3 80. h5
Rh2+ 81. Ke1 Ke3 82. h6 Rh1# 0-1

[Event "FIDE Online Olympiad"]
[Site "Chess.com"]
[Date "2020.08.02"]
[EventDate "2020.07.31"]
[Round "7"]
[Result "0-1"]
[White "Izidora Lourenco Lima"]
[Black "Maria Esther Granados Diaz"]
[WhiteElo "1345"]
[BlackElo "1843"]
[PlyCount "64"]

1. e4 Nf6 2. Nc3 e5 3. Nf3 Bb4 4. Bc4 O-O 5. d3 d5 6. exd5
Nxd5 7. Bd2 Nxc3 8. bxc3 Bd6 9. O-O Bg4 10. d4 e4 11. h3 Bxf3
12. gxf3 Qh4 13. Kg2 Nc6 14. fxe4 Qxe4+ 15. Qf3 Qxc2 16. Rfd1
Nxd4 17. Qg4 Nc6 18. Bh6 Qg6 19. Qxg6 hxg6 20. Be3 Ne5 21. Bb3
Rad8 22. Bxa7 b6 23. Bd5 Bc5 24. a4 g5 25. a5 Ng6 26. Kh1 Bxf2
27. axb6 cxb6 28. Ra6 Nf4 29. c4 Nxh3 30. Bxb6 Bxb6 31. Rxb6
Nf2+ 32. Kg2 Nxd1 0-1

[Event "FIDE Online Olympiad"]
[Site "Chess.com"]
[Date "2020.08.02"]
[EventDate "2020.07.31"]
[Round "7"]
[Result "0-1"]
[White "Ansumana Kamara"]
[Black "Jose Pesqueira"]
[WhiteElo "1896"]
[BlackElo "1810"]
[PlyCount "50"]

1. e4 e5 2. Nf3 Nc6 3. Bb5 Nf6 4. O-O Nxe4 5. d4 exd4 6. Re1
d5 7. Nxd4 Be7 8. Nxc6 bxc6 9. Bxc6+ Bd7 10. Qxd5 Bxc6
11. Qxc6+ Kf8 12. Qxe4 Rb8 13. Nc3 Rb4 14. Qe2 Bd6 15. Bg5 f6
16. Be3 Rh4 17. g3 Rb4 18. b3 h5 19. Rad1 h4 20. Bf4 hxg3
21. Bxg3 Qc8 22. a3 Rg4 23. Nb5 Rxh2 24. Kxh2 Rh4+ 25. Kg1 Rh6
0-1

[Event "FIDE Online Olympiad"]
[Site "Chess.com"]
[Date "2020.08.02"]
[EventDate "2020.07.31"]
[Round "8"]
[Result "0-1"]
[White "Philip Hanna Jr"]
[Black "Peter van den Brink"]
[WhiteElo "1734"]
[BlackElo "2180"]
[PlyCount "82"]

1. e4 c5 2. Nf3 d6 3. d4 cxd4 4. Nxd4 Nf6 5. Nc3 g6 6. Be3 Bg7
7. f3 Nc6 8. Qd2 O-O 9. Bc4 Bd7 10. O-O-O Qa5 11. Kb1 Rfc8
12. Bb3 Ne5 13. Nd5 Qxd2 14. Rxd2 Kf8 15. Bg5 Nxd5 16. exd5
Nc4 17. Bxc4 Rxc4 18. Nb3 h6 19. Be3 g5 20. Bd4 Bf5 21. g4 Bg6
22. h4 Rac8 23. Rhh2 gxh4 24. Bxg7+ Kxg7 25. Nd4 a6 26. f4
R8c5 27. b3 Rc3 28. Kb2 Rg3 29. Rxh4 Rxd5 30. Nf5+ Bxf5
31. Rxd5 Bxg4 32. Rd3 Rg2 33. Kc3 h5 34. Rd4 Rf2 35. a4 e5
36. fxe5 dxe5 37. Rb4 Bf5 38. Rxb7 Rxc2+ 39. Kb4 e4 40. Rxh5
Kg6 41. Rh1 e3 0-1

[Event "FIDE Online Olympiad"]
[Site "Chess.com"]
[Date "2020.08.02"]
[EventDate "2020.07.31"]
[Round "8"]
[Result "0-1"]
[White "Mansfield Thomas Winston Gerald"]
[Black "Maximiliano Rocha"]
[WhiteElo "1806"]
[BlackElo "2087"]
[PlyCount "82"]

1. d4 d5 2. Nf3 Nf6 3. c4 c6 4. e3 e6 5. Nc3 Nbd7 6. Qc2 Bd6
7. Bd3 O-O 8. e4 dxc4 9. Bxc4 e5 10. O-O b5 11. Bd3 a6 12. Bg5
Bb7 13. Rfd1 Qe7 14. Ne2 h6 15. Bh4 c5 16. dxe5 Nxe5 17. Nxe5
Bxe5 18. Ng3 c4 19. Nf5 Qc7 20. Bxf6 Bxf6 21. Be2 Rfe8 22. Bf3
Qe5 23. Nd6 Re7 24. Rab1 Bc6 25. Nf5 Ree8 26. Re1 Rad8 27. b3
c3 28. Rbd1 b4 29. g3 Rxd1 30. Qxd1 Rd8 31. Qe2 Bb5 32. Qe3
Rd3 33. Qe2 c2 34. Qxc2 Rxf3 35. Qc8+ Kh7 36. Nd6 Qxd6 37. e5
Qd2 38. Qc5 Qxe1+ 39. Kg2 Qxf2+ 40. Qxf2 Rxf2+ 41. Kxf2 Bxe5
0-1

[Event "FIDE Online Olympiad"]
[Site "Chess.com"]
[Date "2020.08.02"]
[EventDate "2020.07.31"]
[Round "8"]
[Result "0-1"]
[White "John Stephenson"]
[Black "Fabio Costa Alegre"]
[WhiteElo "1343"]
[BlackElo "1576"]
[PlyCount "68"]

1. Nf3 Nf6 2. c4 c5 3. b3 g6 4. Bb2 Bg7 5. g3 O-O 6. Bg2 Nc6
7. d4 d6 8. O-O Bf5 9. Re1 Qc8 10. d5 Nd8 11. Nbd2 Ne4
12. Bxg7 Kxg7 13. Nh4 Nxd2 14. Nxf5+ Qxf5 15. Qxd2 f6 16. e4
Qd7 17. f4 Nf7 18. Rf1 b5 19. Rae1 a5 20. h4 h6 21. Kh2 a4
22. Bh3 Qb7 23. Qe2 axb3 24. axb3 Ra3 25. Rb1 Rfa8 26. Rb2 Rb8
27. f5 g5 28. Qh5 Ne5 29. Rc2 bxc4 30. bxc4 Qb3 31. Rg2 Qxc4
32. Re2 Rbb3 33. Rg2 Qxf1 34. Qe8 Nf3# 0-1

[Event "FIDE Online Olympiad"]
[Site "Chess.com"]
[Date "2020.08.02"]
[EventDate "2020.07.31"]
[Round "8"]
[Result "0-1"]
[White "Serguei Gontcharov"]
[Black "Nahun Gavarrete"]
[WhiteElo "1839"]
[BlackElo "2238"]
[PlyCount "42"]

1. e4 c5 2. Nf3 Nc6 3. d4 cxd4 4. Nxd4 Nf6 5. Nc3 d6 6. h3 g6
7. Be3 Bg7 8. Qd2 O-O 9. O-O-O Bd7 10. g4 Rc8 11. g5 Nh5
12. Be2 Nxd4 13. Bxd4 Bxd4 14. Qxd4 Nf4 15. Bg4 Bxg4 16. hxg4
Rxc3 17. Qd2 Rf3 18. Rxh7 Kxh7 19. Rh1+ Kg7 20. Qd1 Rh3
21. Rxh3 Nxh3 0-1

[Event "FIDE Online Olympiad"]
[Site "Chess.com"]
[Date "2020.08.02"]
[EventDate "2020.07.31"]
[Round "8"]
[Result "0-1"]
[White "Dimitri Gontcharov"]
[Black "Marlon Miller"]
[WhiteElo "1456"]
[BlackElo "2092"]
[PlyCount "86"]

1. e4 e6 2. d4 d5 3. e5 c5 4. c3 Nc6 5. Nf3 Bd7 6. Bd3 Rc8
7. dxc5 Bxc5 8. O-O Nge7 9. b4 Bb6 10. Na3 a6 11. b5 Na5
12. Bd2 Nc4 13. Qb3 axb5 14. Nxb5 O-O 15. a4 Nc6 16. Bf4 N6a5
17. Qd1 Bxb5 18. axb5 f5 19. Ng5 Qd7 20. Rb1 Na3 21. Rc1 N5c4
22. Qb3 h6 23. Nf3 Qxb5 24. Bxc4 Qxc4 25. Qxb6 Qxf4 26. Qxe6+
Kh7 27. Qe7 Nc4 28. Rfe1 Rce8 29. Qxb7 Nxe5 30. Qxd5 Nxf3+
31. Qxf3 Qxf3 32. gxf3 Rc8 33. Re3 Rc4 34. Kg2 Rd8 35. Kg3 f4+
36. Kg2 fxe3 37. fxe3 Rd2+ 38. Kg3 Rd3 39. e4 Rdxc3 40. Rxc3
Rxc3 41. e5 Kg6 42. Kf4 Kf7 43. Ke4 Ke6 0-1

[Event "FIDE Online Olympiad"]
[Site "Chess.com"]
[Date "2020.08.02"]
[EventDate "2020.07.31"]
[Round "8"]
[Result "0-1"]
[White "Sheriffa Ali"]
[Black "Zara La Fleur"]
[WhiteElo "1332"]
[BlackElo "1299"]
[PlyCount "104"]

1. e4 e5 2. Nf3 Nc6 3. Nc3 Bc5 4. Bc4 Nf6 5. h3 O-O 6. d3 d6
7. Bg5 Be6 8. Bxe6 fxe6 9. Qd2 Qd7 10. O-O d5 11. exd5 exd5
12. Rfe1 Rae8 13. Re2 Bb4 14. a3 Bc5 15. Rae1 Nd4 16. Rxe5
Nxf3+ 17. gxf3 Rxe5 18. Rxe5 Qxh3 19. Qe2 Bd6 20. Qf1 Qxf1+
21. Kxf1 Bxe5 22. Bxf6 Rxf6 23. Nxd5 Rxf3 24. Ke2 Rh3 25. c3
Kf7 26. b4 c6 27. Ne3 Bxc3 28. Nc4 Ke6 29. Na5 Bb2 30. Nc4 Bd4
31. Na5 Bb6 32. Nxb7 Kd7 33. a4 Kc7 34. Nc5 Bxc5 35. bxc5 Kd7
36. f3 Ke6 37. d4 Kd5 38. Ke3 h5 39. a5 Rh1 40. Kf4 Kxd4
41. Kg5 h4 42. f4 h3 43. f5 h2 44. Kg6 Rg1+ 45. Kf7 h1=Q
46. Ke6 Qd5+ 47. Ke7 Re1+ 48. Kf8 Qxf5+ 49. Kg8 Re8+ 50. Kxg7
Re7+ 51. Kg8 Qh7+ 52. Kf8 Qf7# 0-1

[Event "FIDE Online Olympiad"]
[Site "Chess.com"]
[Date "2020.08.02"]
[EventDate "2020.07.31"]
[Round "8"]
[Result "0-1"]
[White "Sasha Christina Shariff"]
[Black "Jennika Lynch"]
[WhiteElo "1195"]
[BlackElo "1399"]
[PlyCount "60"]

1. e4 e5 2. Nf3 Nc6 3. Nc3 Bc5 4. Bb5 d6 5. d4 exd4 6. Nxd4
Bd7 7. Nxc6 Bxc6 8. Bxc6+ bxc6 9. Qg4 Qf6 10. Qg3 h6 11. Bd2
Ne7 12. O-O-O Bxf2 13. Qf3 Qxf3 14. gxf3 Ng6 15. Rhf1 Bb6
16. f4 O-O-O 17. f5 Ne5 18. Bf4 f6 19. a3 Nc4 20. Rfe1 Rhe8
21. b3 Nxa3 22. Na4 Bf2 23. Re2 Bh4 24. h3 Bg5 25. Bxg5 hxg5
26. Rg1 d5 27. Rge1 dxe4 28. Rxe4 Rxe4 29. Rxe4 Nb5 30. Rc4
Rd6 0-1

[Event "FIDE Online Olympiad"]
[Site "Chess.com"]
[Date "2020.08.02"]
[EventDate "2020.07.31"]
[Round "9"]
[Result "0-1"]
[White "Aaron Ramtulla"]
[Black "Wendell Meusa"]
[WhiteElo "1191"]
[BlackElo "1987"]
[PlyCount "48"]

1. e4 d5 2. exd5 Nf6 3. Nc3 Nxd5 4. Nxd5 Qxd5 5. Nf3 Nc6
6. Be2 e5 7. O-O Be7 8. b3 e4 9. Ne1 Bf6 10. c3 Bf5 11. Bb2
O-O-O 12. f3 Qxd2 13. Qxd2 Rxd2 14. Nd3 exd3 15. Bxd3 Bxd3
16. Rfd1 Rxb2 17. Rxd3 Rd8 18. Re3 Rdd2 19. Kf1 Rf2+ 20. Kg1
Rxg2+ 21. Kh1 Rxh2+ 22. Kg1 Rbg2+ 23. Kf1 Rxa2 24. Rae1 Rh1#
0-1

[Event "FIDE Online Olympiad"]
[Site "Chess.com"]
[Date "2020.08.02"]
[EventDate "2020.07.31"]
[Round "9"]
[Result "0-1"]
[White "Bitia Cruz"]
[Black "Gabriella Johnson"]
[WhiteElo "1770"]
[BlackElo "1733"]
[PlyCount "60"]

1. e4 c5 2. Nf3 d6 3. c3 Nf6 4. Be2 g6 5. O-O Bg7 6. Qc2 e5
7. Re1 O-O 8. d4 cxd4 9. cxd4 exd4 10. Nxd4 Re8 11. Bf1 Nbd7
12. Nc3 a6 13. Bf4 Ne5 14. Rac1 Nh5 15. Be3 Ng4 16. Nd5 Nxe3
17. fxe3 Bd7 18. Qb3 Rxe4 19. Nb6 Rb8 20. Bc4 Qe7 21. Nd5 Qh4
22. Nf3 Qg4 23. Bxa6 Be6 24. Bxb7 Bh6 25. Qb6 Bxd5 26. Qxd6
Rbe8 27. Bxd5 Rxe3 28. Rc7 Rxe1+ 29. Nxe1 Rxe1+ 30. Kf2 Qe2#
0-1

[Event "FIDE Online Olympiad"]
[Site "Chess.com"]
[Date "2020.08.02"]
[EventDate "2020.07.31"]
[Round "9"]
[Result "0-1"]
[White "Amy Ali"]
[Black "Leslie Carolin Torres Hernandez"]
[WhiteElo "1347"]
[BlackElo "1884"]
[PlyCount "42"]

1. d4 Nf6 2. Nf3 g6 3. g3 Bg7 4. Bg2 O-O 5. c4 d6 6. O-O Nc6
7. Nc3 e5 8. d5 Ne7 9. e4 Nh5 10. Re1 f5 11. Qc2 f4 12. b3 Bg4
13. Qd3 Qd7 14. Bb2 h6 15. Rac1 Rf7 16. Nb1 Raf8 17. Nbd2 Bh3
18. Qf1 Bxg2 19. Qxg2 g5 20. h3 fxg3 21. fxg3 g4 0-1

[Event "FIDE Online Olympiad"]
[Site "Chess.com"]
[Date "2020.08.02"]
[EventDate "2020.07.31"]
[Round "9"]
[Result "0-1"]
[White "Jennika Lynch"]
[Black "Maria Pradi Ramos Donaire"]
[WhiteElo "1399"]
[BlackElo "1558"]
[PlyCount "116"]

1. e4 e6 2. d4 d5 3. e5 c5 4. dxc5 Bxc5 5. Nf3 Nc6 6. Bb5 Qb6
7. Bxc6+ bxc6 8. O-O Ne7 9. Nc3 Qc7 10. Na4 Bb6 11. Nxb6 axb6
12. Qd3 Ba6 13. Qe3 Bxf1 14. Kxf1 Ng6 15. c3 O-O 16. b3 Ra6
17. Bb2 Rfa8 18. a3 c5 19. g3 c4 20. b4 Qc6 21. Nd4 Qd7
22. Kg2 Ne7 23. Nf3 b5 24. Qc5 Rc8 25. Qe3 Qa7 26. Nd4 Nf5
27. Nxf5 exf5 28. Qxa7 Rxa7 29. Rd1 Rd8 30. Kf3 Re7 31. Kf4 g6
32. h4 Re6 33. Bc1 f6 34. exf6 Rxf6 35. Re1 Kf7 36. f3 Re6
37. Re5 h6 38. Bd2 Kf6 39. Rxe6+ Kxe6 40. g4 fxg4 41. Kxg4 h5+
42. Kg5 Kf7 43. Be3 Ra8 44. Bc1 Re8 45. Bf4 Re2 46. Bc1 Rc2
47. Bf4 Rxc3 48. Bd6 Rxf3 49. Be5 Rf5+ 50. Kh6 Rxe5 51. a4
bxa4 52. b5 a3 53. b6 a2 54. b7 Re8 55. b8=Q Rxb8 56. Kh7 Rh8+
57. Kxh8 a1=Q+ 58. Kh7 Qg7# 0-1

[Event "FIDE Online Olympiad"]
[Site "Chess.com"]
[Date "2020.08.02"]
[EventDate "2020.07.31"]
[Round "9"]
[Result "0-1"]
[White "Izidora Lourenco Lima"]
[Black "Zuzana Kovacova"]
[WhiteElo "1345"]
[BlackElo "2011"]
[PlyCount "56"]

1. e4 e5 2. Nc3 Nc6 3. Nf3 d6 4. Bb5 Bd7 5. Bxc6 Bxc6 6. d4
exd4 7. Nxd4 Bd7 8. O-O Nf6 9. Bg5 Be7 10. Bxf6 Bxf6 11. Qe2
O-O 12. Rad1 Re8 13. Nd5 h6 14. Rfe1 a6 15. Qf3 Bxd4 16. Rxd4
Be6 17. h3 Rc8 18. e5 dxe5 19. Rxe5 c6 20. c4 cxd5 21. cxd5
Rc1+ 22. Kh2 Qc7 23. d6 Qd7 24. b3 Rc6 25. Qd3 Rd8 26. f4 Rxd6
27. Rxd6 Qxd6 28. Qxd6 Rxd6 0-1